O livro dos desejos (Registo nº 3666)

Detalhes MARC
000 -Etiqueta do registo
Cabeçalho 00692nam a2200253 4500
005 - Identificador da versão
Campo de controlo 20240813122039.0
095 ## -
-- PTBN00660862
010 ## - Número internacional normalizado dos livros (ISBN)
Número (ISBN) 9722109308
021 ## - Número do Depósito Legal
Código do país PT
Número 78048/94
100 ## - Dados gerais de processamento
Dados gerais de processamento 19940929d1994 d y0pory5003 ba
102 ## - Pais de publicação ou produção
País de publicação Portugal
101 0# - Língua de publicação
Língua do texto, banda sonora, etc. Português
215 ## - Descrição física 
Indicação específica da natureza do documento e extensão da espécie 51 p.
Outras indicações físicas il.
Dimensões 21 cm
200 1# - Titulo e menção de responsabilidade
Título próprio O livro dos desejos
Primeira menção de responsabilidade Vergílio Alberto Vieira
225 1# - Colecção 
Título próprio da colecção De par em par
210 ## - Publicação, Distribuição, etc. 
Lugar da edição, distribuição, etc. Lisboa
Nome do editor, distribuidor, etc. Caminho
Data da publicação, distribuição, etc. 1994
606 ## - Nome comum usado como assunto
Número de registo de entrada de autoridade 0001358
Palavra de ordem Literatura portuguesa
Subdivisão de assunto Poesia
Código do sistema CA
675 ## - Classificação Decimal Universal (CDU)
Notação 821.134.3-1
Edição 3ª ed.
Língua da edição por
700 #1 - Nome de autor-pessoa física (responsabilidade principal)
Número de registo de entrada de autoridade 0000017
Palavra de ordem Vieira
Outra parte do nome não tomada para palavra de ordem Vergílio Alberto
Datas 1950-
966 ## - Identificação da Biblioteca
Sigla EBVendas
942 ## - Elementos de entrada adicionados (Koha)
Tipo de item no Koha Livro
Exemplares
Situação do levantamento Origin of item (home branch) (coded) Biblioteca de empréstimo Código de barras Cota Circulation type (not for loan) Tipo de documento Nota do exemplar Damaged status
  Biblioteca Escolar das Vendas Biblioteca Escolar das Vendas BEV547 8 POR VIE   Livro Sem mensagem